| 000 | 01483cam a22003374i 4500 | ||
|---|---|---|---|
| 999 |
_c46943 _d46943 |
||
| 001 | 20592 | ||
| 003 | CO-MdFUSB | ||
| 005 | 20230331062544.0 | ||
| 008 | 160922t1988 xxu||||f |||| 00| 0 eng d | ||
| 020 | _a0-8028-0288-5 | ||
| 040 |
_aCO-MdFUSB _bEspañol _cCO-MdFUSB _dCO-MdFUSB _erda |
||
| 041 | _aeng | ||
| 082 |
_224 _a227 _bW526i |
||
| 100 | 1 |
_aWesterholm, Stephen _eautor |
|
| 245 | 1 | 0 |
_aIsrael's law and the church's faith _b : Paul and his recent interpreters _c / Stephen Westerholm |
| 264 | 1 |
_aGrand Rapids, Michigan : _bWilliam B. Eerdmans Publishing, _c℗[1988] |
|
| 264 | 4 | _c©1988 | |
| 300 |
_a238 páginas ; _c22 cm |
||
| 336 |
_2rdacontent _atexto _btxt |
||
| 337 |
_2rdamedia _asin mediación _bn |
||
| 338 |
_2rdacarrier _avolumen _bnc |
||
| 500 | _aIncluye índices (p. 230-238) | ||
| 501 | _aRústico | ||
| 505 | 0 | 0 | _aEl trasfondo del debate moderno - "Doctrina polémica" de Pablo: Wrede y Schweitzer - La fe de los padres de Pablo: Montefiore, Schoeps y Sanders - La conciencia sólida de Pablo: Kümmel y Stendhal - La "justicia de la ley": Bultmann, Wilckens y Sanders -El "duende" de la coherencia: Drane, Hübner y Räisänen - Las cuestiones de definición - La justificación por la fe - La ley en el esquema de Dios - La ley y la conducta cristiana - La contribución de Pablo |
| 650 | 7 |
_aÉtica cristiana _2 _9185 |
|
| 653 | _aPauline epistles | ||
| 653 | _aCartas de Pablo | ||
| 653 | _aFe | ||
| 942 | _cBK | ||